header

The floor in Congressional life (Record no. 132907)

MARC details
000 -LEADER
fixed length control field 01497nam a2200373 a 4500
082 04 - DEWEY DECIMAL CLASSIFICATION NUMBER
Classification number 328.73/05
100 1# - MAIN ENTRY--AUTHOR NAME
Personal name Taylor, Andrew J.,
245 14 - TITLE STATEMENT
Title The floor in Congressional life
260 ## - PUBLICATION, DISTRIBUTION, ETC. (IMPRINT)
Place of publication Ann Arbor :
Name of publisher University of Michigan Press,
Year of publication 2012.
300 ## - PHYSICAL DESCRIPTION
Number of Pages x, 254 p. :
Other physical details ill.
490 1# - SERIES STATEMENT
Series statement Legislative politics & policy making
505 0# - FORMATTED CONTENTS NOTE
Formatted contents note pt. 1. Floor power and rights -- pt. 2. Floor proceedings.
650 #0 - SUBJECT ADDED ENTRY--TOPICAL TERM
Topical Term Legislation
Topical Term Parliamentary practice
856 40 - ELECTRONIC LOCATION AND ACCESS
Uniform Resource Identifier http://site.ebrary.com/lib/rucke/Doc?id=10535743

No items available.

© 2026 Rongo University
Contact us: librarian | system librarian | Rongo university